000 00362nam a2200169Ia 4500
100 _aMazidi/M.A
650 _aMicrocontroller
250 _a2
942 _cBK
366 _f25
245 _a8051 Microcontroller and embedded systems
260 _bPearson Education
_c2008
082 _a4.65
_bMAZ
300 _a547
546 _aENGLISH
_cTTL
999 _c22898
_d22898